[Event "CZE-ch U14"]
[Site "Kouty nad Desnou"]
[Date "2024.03.13"]
[Round "6"]
[White "Macosek, Alex"]
[Black "Stara, Zuzana"]
[Result "0-1"]
[WhiteElo "1781"]
[BlackElo "1807"]
[PlyCount "86"]
[EventDate "2024.03.09"]
[EventType "swiss"]
[EventRounds "9"]
[EventCountry "CZE"]
[SourceTitle "CB12_2024"]
[SourceDate "2023.10.01"]
[SourceVersion "1"]
[SourceVersionDate "2023.10.01"]
[SourceQuality "1"]

1. d4 d5 2. Bf4 c5 3. e3 cxd4 4. exd4 Nc6 5. c3 Bf5 6. Nd2 f6 7. Bb5 g5 8. Bg3 h5 9. h3 e6 10. Nb3 Qd7 11. Bd3 Qh7 12. Bxf5 Qxf5 13. Qf3 Qxf3 14. Nxf3 Nh6 15. 0-0-0 Nf5 16. Rd3 Rc8 17. Kb1 Kf7 18. Ne1 Nxg3 19. Rxg3 Bd6 20. Re3 Bf4 21. Re2 b6 22. Nd3 Bd6 23. Rf1 g4 24. h4 Rhe8 25. f4 Ne7 26. g3 Nf5 27. Rg1 Bb8 28. Nd2 Nd6 29. Rge1 a5 30. a3 Nb5 31. Re3 Nd6 32. R3e2 Nf5 33. Nf1 Bd6 34. Ka2 b5 35. Kb3 Rb8 36. a4 b4 37. Ka2 Rbc8 38. Kb3 bxc3 39. bxc3 Rc4 40. Nb2 Rb8+ 41. Ka2 Rxc3 42. Rxe6 Ra3+ 43. Kb1 Rab3 0-1

[Event "CZE-ch U14"]
[Site "Kouty nad Desnou"]
[Date "2024.03.09"]
[Round "1"]
[White "Kroulik, Vaclav"]
[Black "Stara, Zuzana"]
[Result "1-0"]
[WhiteElo "1936"]
[BlackElo "1807"]
[PlyCount "79"]
[EventDate "2024.03.09"]
[EventType "swiss"]
[EventRounds "9"]
[EventCountry "CZE"]
[SourceTitle "CB12_2024"]
[SourceDate "2023.10.01"]
[SourceVersion "1"]
[SourceVersionDate "2023.10.01"]
[SourceQuality "1"]

1. e4 c6 2. Nf3 d5 3. Nc3 Bg4 4. h3 Bxf3 5. Qxf3 e6 6. d3 Nd7 7. Qg3 a6 8. Be2 Ne7 9. h4 Rc8 10. Be3 Qc7 11. Qh3 Qd6 12. d4 Qb4 13. 0-0-0 Qa5 14. Kb1 b5 15. Bd3 Qc7 16. f4 dxe4 17. Bxe4 f5 18. Bf3 Nd5 19. Nxd5 cxd5 20. g4 Ba3 21. Bc1 Qxc2+ 22. Ka1 Be7 23. gxf5 Qxf5 24. Bg4 Qc2 25. Bxe6 Qc6 26. Bd2 Qd6 27. Bb4 Qc6 28. Bxe7 Kxe7 29. Rhe1 Kd8 30. Qf5 Re8 31. Qg5+ Re7 32. Qxe7+ Kxe7 33. Bxd5+ Kf6 34. Bxc6 Rxc6 35. d5 Rd6 36. Rd4 Nc5 37. Rc1 Nd7 38. Rc6 Rxc6 39. dxc6 Nb6 40. c7 1-0

[Event "Prague Futures 6th"]
[Site "Prague"]
[Date "2024.03.03"]
[Round "9"]
[White "Stara, Zuzana"]
[Black "Andre, Tomas"]
[Result "1/2-1/2"]
[WhiteElo "1678"]
[BlackElo "1915"]
[PlyCount "60"]
[EventDate "2024.02.27"]
[EventType "tourn"]
[EventRounds "9"]
[EventCountry "CZE"]
[SourceTitle "CB11_2024"]
[SourceDate "2024.03.13"]
[SourceVersion "1"]
[SourceVersionDate "2024.03.13"]
[SourceQuality "1"]

1. e4 Nf6 2. Nc3 d5 3. exd5 Nxd5 4. d4 Nxc3 5. bxc3 g6 6. Nf3 Bg7 7. Bc4 0-0 8. 0-0 c5 9. Be3 Qa5 10. Qd2 Nc6 11. Bh6 Bg4 12. Bxg7 Kxg7 13. Ne5 Nxe5 14. dxe5 Bf5 15. Rac1 Rad8 16. Qe3 a6 17. f4 Qa4 18. Bd3 Bxd3 19. cxd3 e6 20. Rf3 Qa3 21. Qd2 Rd7 22. Rh3 h5 23. f5 exf5 24. Rxh5 gxh5 25. Qg5+ Kh8 26. Qxh5+ Kg7 27. Qg5+ Kh8 28. Qh5+ Kg7 29. Qg5+ Kh8 30. Qh5+ Kg7 1/2-1/2

[Event "Stare Mesto op"]
[Site "Stare Mesto"]
[Date "2023.08.05"]
[Round "1"]
[White "Stara, Zuzana"]
[Black "Nikanova, Ekaterina"]
[Result "0-1"]
[WhiteElo "1786"]
[BlackElo "2029"]
[PlyCount "110"]
[EventDate "2023.08.05"]
[EventType "swiss"]
[EventRounds "9"]
[EventCountry "CZE"]
[SourceTitle "EXT 2024"]
[Source "ChessBase"]
[SourceDate "2023.10.10"]
[SourceVersion "1"]
[SourceVersionDate "2023.10.10"]
[SourceQuality "1"]

1. e4 c5 2. Nf3 e6 3. d4 cxd4 4. Nxd4 Nc6 5. Nc3 Qc7 6. Be2 a6 7. a3 b5 8. Be3 Bb7 9. Qd2 Nf6 10. f3 Be7 11. g4 Nxd4 12. Bxd4 e5 13. Bf2 0-0 14. h4 d5 15. exd5 Rfd8 16. Bd3 Nxd5 17. Nxd5 Bxd5 18. Qe2 Qc6 19. Rh3 Rac8 20. g5 Qe6 21. Rg3 Bc4 22. Bxc4 Rxc4 23. h5 Qf5 24. c3 Bxg5 25. Rd1 Rxd1+ 26. Qxd1 Rc8 27. Kf1 Rd8 28. Qe1 Bf4 29. Rg4 Qc2 30. Kg2 h6 31. b4 Rd1 32. Qe4 Qxe4 33. fxe4 Rd2 34. Kf1 Ra2 35. Bh4 Kf8 36. Rg2 Rxg2 37. Kxg2 Bd2 38. Kf3 Bxc3 39. Kg4 Bb2 40. Kf5 Bxa3 41. Be1 Bb2 42. Bf2 Bd4 43. Be1 Kg8 44. Bd2 Kh7 45. Be1 Kg8 46. Bd2 Kf8 47. Be1 Ke7 48. Bd2 Kd7 49. Be1 Kc6 50. Bd2 a5 51. bxa5 Kc5 52. Kg4 b4 53. a6 Kb5 54. Kf3 b3 55. Bc3 Kxa6 0-1

[Event "CZE-ch Amateur"]
[Site "Hluk"]
[Date "2023.05.06"]
[Round "2"]
[White "Zahorbensky, Jaroslav"]
[Black "Stara, Zuzana"]
[Result "1-0"]
[WhiteElo "2046"]
[BlackElo "1561"]
[PlyCount "89"]
[EventDate "2023.05.06"]
[EventType "swiss"]
[EventRounds "9"]
[EventCountry "CZE"]
[SourceTitle "CBM 214 Extra"]
[Source "ChessBase"]
[SourceDate "2023.07.31"]
[SourceVersion "1"]
[SourceVersionDate "2023.07.31"]
[SourceQuality "1"]

1. e4 c5 2. Nf3 d6 3. Bb5+ Bd7 4. Bxd7+ Nxd7 5. 0-0 Ngf6 6. Re1 e6 7. c3 Be7 8. d4 cxd4 9. cxd4 Nb6 10. Nc3 0-0 11. Bg5 Rc8 12. Rc1 Nc4 13. Qe2 Nd7 14. Bxe7 Qxe7 15. Nb5 Ndb6 16. b3 Na5 17. Nxa7 Ra8 18. Nb5 Nc6 19. a4 d5 20. e5 Qb4 21. Qd3 Na5 22. Rc3 Rac8 23. Rec1 Nxb3 24. Rb1 Rxc3 25. Qxc3 Qxc3 26. Nxc3 Na5 27. Rxb6 Rc8 28. Ne2 Rc4 29. g3 Rxa4 30. Kg2 Kf8 31. Rb1 Ke7 32. Nc3 Rc4 33. Nb5 h6 34. Nd6 Rc7 35. Rb5 Nc4 36. Rxb7 Rxb7 37. Nxb7 Kd7 38. h4 f6 39. Nc5+ Ke7 40. h5 fxe5 41. dxe5 Nb6 42. Nd4 Nd7 43. Nxd7 Kxd7 44. Kf3 Ke7 45. Ke3 1-0

[Event "CZE-ch U12 Girls"]
[Site "Teplice"]
[Date "2023.03.15"]
[Round "6"]
[White "Nova, Anezka"]
[Black "Stara, Zuzana"]
[Result "1/2-1/2"]
[WhiteElo "1367"]
[BlackElo "1356"]
[PlyCount "63"]
[EventDate "2023.03.11"]
[EventType "swiss"]
[EventRounds "9"]
[EventCountry "CZE"]
[SourceTitle "CBM 213 Extra"]
[Source "ChessBase"]
[SourceDate "2023.05.31"]
[SourceVersion "1"]
[SourceVersionDate "2023.05.31"]
[SourceQuality "1"]

1. e4 c5 2. Nf3 d6 3. d4 cxd4 4. Qxd4 Nf6 5. e5 dxe5 6. Qxd8+ Kxd8 7. Nxe5 Ke8 8. Bc4 e6 9. 0-0 Nbd7 10. Nxd7 Bxd7 11. Nc3 Rc8 12. Bb3 Bb4 13. Bd2 Bc6 14. Rfe1 Ke7 15. f4 Rhd8 16. Be3 Ne4 17. Nxe4 Bxe1 18. Bc5+ Ke8 19. Nd6+ Rxd6 20. Bxd6 Ba5 21. Be5 Bb6+ 22. Kf1 Rd8 23. Ke2 Bd4 24. g3 Bxe5 25. fxe5 Rd4 26. Re1 Re4+ 27. Kf2 Rxe1 28. Kxe1 Ke7 29. Kd2 f6 30. exf6+ Kxf6 31. Ke3 Ke5 32. c3 1/2-1/2

[Event "CZE-ch U12 Girls"]
[Site "Teplice"]
[Date "2023.03.13"]
[Round "3"]
[White "Markina, Sofiia"]
[Black "Stara, Zuzana"]
[Result "0-1"]
[WhiteElo "1468"]
[BlackElo "1356"]
[PlyCount "98"]
[EventDate "2023.03.11"]
[EventType "swiss"]
[EventRounds "9"]
[EventCountry "CZE"]
[SourceTitle "CBM 213 Extra"]
[Source "ChessBase"]
[SourceDate "2023.05.31"]
[SourceVersion "1"]
[SourceVersionDate "2023.05.31"]
[SourceQuality "1"]

1. e4 c5 2. Nf3 d6 3. d4 cxd4 4. Nxd4 Nf6 5. Nc3 a6 6. Be2 e5 7. Nb3 Be7 8. 0-0 Be6 9. a4 Nbd7 10. Bf3 Nb6 11. Nd2 Rc8 12. Re1 Qc7 13. Nf1 0-0 14. Ne3 Rfd8 15. a5 Nc4 16. Ned5 Bxd5 17. Nxd5 Nxd5 18. Qxd5 b5 19. axb6 Nxb6 20. Qa5 Nd7 21. Qxa6 Qxc2 22. Bg4 Rc7 23. Qb5 Nf6 24. Bd1 Qc5 25. Qb3 Rcc8 26. Be3 Qc6 27. Bb6 Rb8 28. Ra6 Nd7 29. Bxd8 Qxa6 30. Qxb8 Nxb8 31. Bxe7 Nd7 32. h3 Qb6 33. Bg4 Nc5 34. Ra1 f6 35. Ra8+ Kf7 36. Bd8 Qxb2 37. Ra7+ Ke8 38. Ra8 Qb7 39. Rc8 Nd7 40. Rc7 Qb1+ 41. Kh2 Kxd8 42. Rxd7+ Ke8 43. Rxg7 Qxe4 44. Bh5+ Kd8 45. Rg8+ Kc7 46. Rg4 Qf5 47. Rc4+ Kb6 48. Be2 d5 49. Rb4+ Kc6 0-1

[Event "EU Union-ch U12"]
[Site "Pec pod Snezkou"]
[Date "2022.08.30"]
[Round "9"]
[White "Kupka, Alexandr"]
[Black "Stara, Zuzana"]
[Result "1/2-1/2"]
[WhiteElo "1189"]
[BlackElo "1375"]
[PlyCount "115"]
[EventDate "2022.08.22"]
[EventType "swiss"]
[EventRounds "9"]
[EventCountry "CZE"]
[SourceTitle "EXT 2023"]
[Source "ChessBase"]
[SourceDate "2022.10.05"]
[SourceVersion "1"]
[SourceVersionDate "2022.10.05"]
[SourceQuality "1"]

1. e4 c5 2. c3 Nf6 3. e5 Nd5 4. d4 cxd4 5. cxd4 d6 6. Nf3 e6 7. Nc3 Nxc3 8. bxc3 Nc6 9. exd6 Bxd6 10. Bd3 b6 11. 0-0 Bb7 12. Qe2 0-0 13. Bg5 Be7 14. Qe4 g6 15. Bh6 Re8 16. Bb5 Qd5 17. Qxd5 exd5 18. Bd2 Bf6 19. Rfe1 a6 20. Bd3 b5 21. Rxe8+ Rxe8 22. a4 b4 23. Rb1 Rc8 24. Be3 a5 25. Bd2 Be7 26. Ne1 bxc3 27. Bxc3 Bb4 28. Bxb4 Nxb4 29. Bb5 Bc6 30. Rc1 Bb7 31. Rxc8+ Bxc8 32. Kf1 Kf8 33. Ke2 Ke7 34. Ke3 Ke6 35. Kf4 h6 36. h4 f6 37. g3 Na2 38. Nd3 Nc3 39. Nc5+ Kd6 40. Be8 g5+ 41. hxg5 hxg5+ 42. Ke3 Ke7 43. Bg6 Kd6 44. Kd2 Na2 45. Nd3 Bd7 46. Nc5 Bc6 47. Bb1 Nb4 48. Kc3 Be8 49. Kb3 Nc6 50. Kc3 Bd7 51. Nxd7 Kxd7 52. Bd3 Ke6 53. g4 Nb4 54. Bf5+ Kd6 55. Kd2 Nc6 56. Ke3 Ne7 57. Bc2 Ke6 58. f3 1/2-1/2

[Event "EU Union-ch U12"]
[Site "Pec pod Snezkou"]
[Date "2022.08.24"]
[Round "3"]
[White "Pukite, Elza"]
[Black "Stara, Zuzana"]
[Result "0-1"]
[WhiteElo "1200"]
[BlackElo "1375"]
[PlyCount "136"]
[EventDate "2022.08.22"]
[EventType "swiss"]
[EventRounds "9"]
[EventCountry "CZE"]
[SourceTitle "EXT 2023"]
[Source "ChessBase"]
[SourceDate "2022.10.05"]
[SourceVersion "1"]
[SourceVersionDate "2022.10.05"]
[SourceQuality "1"]

1. e4 c5 2. Nf3 Nc6 3. d4 cxd4 4. Nxd4 Nf6 5. Nxc6 bxc6 6. e5 Nd5 7. Bc4 Nb6 8. Bb3 Ba6 9. Nc3 d5 10. exd6 exd6 11. Qf3 d5 12. Be3 Bb4 13. Bxb6 axb6 14. Qe3+ Qe7 15. Qxe7+ Bxe7 16. 0-0-0 0-0 17. a3 Rfe8 18. Rhe1 Bc5 19. Rxe8+ Rxe8 20. f3 Bd6 21. h3 Re3 22. Kb1 Bc8 23. Ne4 Be7 24. Nc3 Bf5 25. Ka2 h6 26. Rd2 Bg5 27. Re2 Be6 28. Kb1 Kf8 29. Rxe3 Bxe3 30. Nd1 Bd2 31. Nf2 Bf5 32. g4 Bg6 33. Nd3 Bxd3 34. cxd3 Ke7 35. Kc2 Be3 36. Kc3 Bc5 37. d4 Bd6 38. Kd3 Bf4 39. Bd1 Kf6 40. b3 Kg5 41. Be2 Kh4 42. Bf1 Kg3 43. Ke2 Bc1 44. a4 Ba3 45. Ke3 c5 46. dxc5 Bxc5+ 47. Ke2 d4 48. Kd3 Kxf3 49. Be2+ Kg3 50. Kc4 Kf2 51. Bd3 Ke3 52. Bf1 Bd6 53. b4 Bc7 54. Bd3 g6 55. b5 Bd8 56. Bf1 f5 57. gxf5 gxf5 58. Bd3 f4 59. Bf1 f3 60. Bd3 f2 61. Bf1 Bc7 62. Bd3 Be5 63. Bf1 Kd2 64. h4 Ke1 65. Bg2 f1Q+ 66. Bxf1 Kxf1 67. Kd3 Kg2 68. h5 Kg3 0-1

[Event "CZE-chT U12"]
[Site "Jihlava"]
[Date "2022.06.12"]
[Round "8.4"]
[White "Koupil, Stepan"]
[Black "Stara, Zuzana"]
[Result "1-0"]
[WhiteElo "1450"]
[BlackElo "1154"]
[PlyCount "85"]
[EventDate "2022.06.10"]
[EventType "team-swiss"]
[EventRounds "9"]
[EventCountry "CZE"]
[SourceTitle "CBM 209 Extra"]
[Source "ChessBase"]
[SourceDate "2022.09.30"]
[SourceVersion "1"]
[SourceVersionDate "2022.09.30"]
[SourceQuality "1"]
[WhiteTeam "Polabiny U12"]
[BlackTeam "Stare Mesto U12"]
[WhiteTeamCountry "CZE"]
[BlackTeamCountry "CZE"]

1. e4 c5 2. Nf3 Nc6 3. d4 cxd4 4. Nxd4 e5 5. Nb5 d6 6. N1c3 a6 7. Na3 b5 8. Nd5 Nge7 9. Be2 Nxd5 10. exd5 Nd4 11. 0-0 Bb7 12. Bf3 g6 13. c3 Nf5 14. Nb1 Bg7 15. Nd2 Ne7 16. c4 bxc4 17. Nxc4 Rc8 18. Qa4+ Kf8 19. Rd1 Rc5 20. Be3 Rb5 21. Bb6 Rxb6 22. Nxb6 Qxb6 23. Rab1 Qb5 24. Qxb5 axb5 25. Rbc1 f5 26. Rc7 Bc8 27. Rdc1 Kf7 28. Be2 b4 29. Ra7 Kf6 30. Rcc7 Re8 31. Bb5 Rg8 32. Rxe7 h5 33. Rf7+ Kg5 34. Rxg7 Rf8 35. g3 f4 36. Rgf7 Re8 37. Bxe8 f3 38. h4+ Kg4 39. Rac7 Bf5 40. Bd7 e4 41. Bxf5+ gxf5 42. Kh2 e3 43. Rg7# 1-0

[Event "CZE-chT U12"]
[Site "Jihlava"]
[Date "2022.06.11"]
[Round "4.4"]
[White "Jenikova, Sabina"]
[Black "Stara, Zuzana"]
[Result "0-1"]
[WhiteElo "1091"]
[BlackElo "1154"]
[PlyCount "110"]
[EventDate "2022.06.10"]
[EventType "team-swiss"]
[EventRounds "9"]
[EventCountry "CZE"]
[SourceTitle "CBM 209 Extra"]
[Source "ChessBase"]
[SourceDate "2022.09.30"]
[SourceVersion "1"]
[SourceVersionDate "2022.09.30"]
[SourceQuality "1"]
[WhiteTeam "Celakovice Spartak U12"]
[BlackTeam "Stare Mesto U12"]
[WhiteTeamCountry "CZE"]
[BlackTeamCountry "CZE"]

1. d4 d5 2. Bf4 c5 3. Nf3 Nf6 4. e3 e6 5. Bd3 Nc6 6. c3 Bd7 7. Nbd2 Be7 8. 0-0 0-0 9. Bb5 c4 10. Bxc6 Bxc6 11. Ne5 Nd7 12. Nxc6 bxc6 13. Qa4 Qb6 14. Rab1 Qb5 15. Qc2 c5 16. Nf3 f6 17. h3 Qb7 18. Qa4 Nb6 19. Qb5 Qd7 20. Qxd7 Nxd7 21. b3 Rfe8 22. Rfe1 cxd4 23. exd4 Bd8 24. bxc4 dxc4 25. Re3 Nb6 26. Rbe1 Nd5 27. Re4 f5 28. Rxe6 Rxe6 29. Rxe6 Nxf4 30. Re8+ Kf7 31. Re5 g6 32. Nd2 Rc8 33. d5 Bf6 34. Re3 Nxd5 35. Rf3 Nxc3 36. a3 Nd5 37. a4 c3 38. Nb3 c2 39. Rd3 c1Q+ 40. Nxc1 Rxc1+ 41. Kh2 Be5+ 42. g3 Ke6 43. f4 Bd6 44. Rd2 Ne3 45. Re2 Rc2 46. Kg1 Rxe2 47. h4 Ng4 48. Kf1 Ra2 49. h5 gxh5 50. a5 Kd5 51. Ke1 Ke4 52. a6 Kd3 53. Kf1 Ke3 54. Kg1 Kf3 55. Kf1 Ra1# 0-1

[Event "CZE-chT U12"]
[Site "Jihlava"]
[Date "2022.06.11"]
[Round "7.4"]
[White "Stara, Zuzana"]
[Black "Kusova, Nikola"]
[Result "1-0"]
[WhiteElo "1154"]
[BlackElo "1247"]
[PlyCount "93"]
[EventDate "2022.06.10"]
[EventType "team-swiss"]
[EventRounds "9"]
[EventCountry "CZE"]
[SourceTitle "CBM 209 Extra"]
[Source "ChessBase"]
[SourceDate "2022.09.30"]
[SourceVersion "1"]
[SourceVersionDate "2022.09.30"]
[SourceQuality "1"]
[WhiteTeam "Stare Mesto U12"]
[BlackTeam "Ricany U12"]
[WhiteTeamCountry "CZE"]
[BlackTeamCountry "CZE"]

1. e4 e5 2. Nf3 Nf6 3. d3 Nc6 4. Nc3 Be7 5. Be2 0-0 6. 0-0 d6 7. h3 Be6 8. Be3 Qd7 9. d4 exd4 10. Nxd4 d5 11. Nxc6 bxc6 12. e5 Ne4 13. Nxe4 dxe4 14. Qxd7 Bxd7 15. Rad1 Be6 16. a3 a5 17. Rd2 Rab8 18. c4 f6 19. Bf4 Bc5 20. exf6 Rxf6 21. Bxc7 Rbf8 22. Rd8 e3 23. Rxf8+ Rxf8 24. fxe3 Bxe3+ 25. Kh1 a4 26. Rxf8+ Kxf8 27. Be5 Kf7 28. g4 Bc1 29. Kg2 h6 30. Kf3 Kg6 31. Bd3+ Kg5 32. Bxg7 h5 33. gxh5 Kxh5 34. Kg2 Kh4 35. Be2 Bxh3+ 36. Kh2 Bf4+ 37. Kg1 Kg3 38. Bd4 Bd2 39. Be5+ Kh4 40. Kh2 Be3 41. Bf6+ Bg5 42. Bxg5+ Kxg5 43. Kxh3 Kf4 44. Bd1 Ke3 45. Bxa4 c5 46. Bb5 Kd2 47. a4 1-0

[Event "CZE-ch U12 Girls"]
[Site "Luhacovice"]
[Date "2022.03.18"]
[Round "8"]
[White "Stara, Zuzana"]
[Black "Hladka, Leontyna"]
[Result "1-0"]
[WhiteElo "1322"]
[BlackElo "1134"]
[PlyCount "165"]
[EventDate "2022.03.12"]
[EventType "swiss"]
[EventRounds "9"]
[EventCountry "CZE"]
[SourceTitle "EXT 2023"]
[Source "ChessBase"]
[SourceDate "2022.10.05"]
[SourceVersion "1"]
[SourceVersionDate "2022.10.05"]
[SourceQuality "1"]

1. e4 e5 2. Nf3 Nc6 3. Bb5 a6 4. Ba4 Bc5 5. c3 b5 6. Bc2 d6 7. 0-0 Nf6 8. Re1 0-0 9. a4 Rb8 10. a5 Bg4 11. h3 Bh5 12. d3 h6 13. b4 Ba7 14. Nbd2 Qd7 15. Nf1 Rfe8 16. Ne3 Ne7 17. Bb3 Rbc8 18. Qe2 Bg6 19. Bd2 Rb8 20. Red1 Bh7 21. Nh4 Ng6 22. Nef5 Nxh4 23. Nxh4 Qe7 24. Qf3 Rf8 25. Qg3 Nh5 26. Qg4 Nf6 27. Nf5 Bxf5 28. Qxf5 Qd7 29. Qf3 Kh7 30. Qg3 Ng8 31. Bc1 Qe7 32. Qf3 Qf6 33. Qg3 Ne7 34. Be3 Bxe3 35. Qxe3 Ra8 36. Rac1 Kg8 37. d4 Rfc8 38. Kf1 c6 39. dxe5 Qxe5 40. Qf3 Rf8 41. Kg1 c5 42. Bd5 Nxd5 43. Rxd5 Qe7 44. Rcd1 Rfd8 45. Qf4 cxb4 46. cxb4 Re8 47. f3 Qa7+ 48. Kh2 Re6 49. Rxd6 Rxd6 50. Qxd6 Qe3 51. Qc6 Ra7 52. Qc8+ Kh7 53. Qf5+ g6 54. Qd5 Qf4+ 55. Kh1 Qc7 56. Qd6 Qb7 57. Qf8 Ra8 58. Rd8 Rxd8 59. Qxd8 Qc6 60. Qd2 Qc7 61. Kg1 Qa7+ 62. Kf1 Qc7 63. Kf2 Qc8 64. Ke3 Qc4 65. Qd4 Qc1+ 66. Qd2 Qg1+ 67. Kd3 Qb1+ 68. Kc3 Qa1+ 69. Kb3 Qb1+ 70. Kc3 Qa1+ 71. Qb2 Qe1+ 72. Kd4 Qd1+ 73. Kc5 Qg1+ 74. Kc6 Qd1 75. Qf6 Qc2+ 76. Kb7 Qc4 77. Qe7 Kg7 78. Kxa6 Qc6+ 79. Ka7 Qc4 80. a6 Qd4+ 81. Kb7 Qc4 82. a7 Qc3 83. a8Q 1-0

[Event "CZE-ch U12 Girls"]
[Site "Luhacovice"]
[Date "2022.03.14"]
[Round "3"]
[White "Buchtova, Viktorie"]
[Black "Stara, Zuzana"]
[Result "1-0"]
[WhiteElo "1494"]
[BlackElo "1322"]
[PlyCount "95"]
[EventDate "2022.03.12"]
[EventType "swiss"]
[EventRounds "9"]
[EventCountry "CZE"]
[SourceTitle "EXT 2023"]
[Source "ChessBase"]
[SourceDate "2022.10.05"]
[SourceVersion "1"]
[SourceVersionDate "2022.10.05"]
[SourceQuality "1"]

1. e4 c5 2. Nf3 Nf6 3. Nc3 d6 4. d4 cxd4 5. Nxd4 a6 6. Bc4 e6 7. Bb3 Nc6 8. 0-0 Be7 9. Kh1 0-0 10. f4 Bd7 11. f5 e5 12. Nf3 Rc8 13. Bg5 Na7 14. Bxf6 Bxf6 15. Qxd6 Nb5 16. Nxb5 Bxb5 17. Rfd1 Be2 18. Rd2 Bxf3 19. gxf3 Qxd6 20. Rxd6 Rfd8 21. Rad1 Kf8 22. Kg2 Ke7 23. Rxd8 Rxd8 24. Rxd8 Kxd8 25. Bxf7 b6 26. Kf2 Kc7 27. Bd5 Kd6 28. b4 a5 29. c3 Kc7 30. Ke2 axb4 31. cxb4 Be7 32. a3 b5 33. Kd3 Kb6 34. Kc3 Bd6 35. Kb3 Ka6 36. a4 Kb6 37. Bf7 Be7 38. Be8 bxa4+ 39. Bxa4 Bg5 40. Kc4 h5 41. Kd5 Bf4 42. h3 h4 43. Be8 Bg3 44. Ke6 Bf4 45. Kf7 Bh6 46. Kg6 Kb7 47. f6 gxf6 48. Kxh6 1-0

[Event "EU-ch Hybrid U10 Girls"]
[Site "Tornelo INT"]
[Date "2021.10.15"]
[Round "8"]
[White "Stara, Zuzana"]
[Black "Varon, Alma"]
[Result "1-0"]
[WhiteElo "1332"]
[BlackElo "1189"]
[PlyCount "71"]
[EventDate "2021.10.15"]
[EventType "swiss"]
[EventRounds "9"]
[EventCountry "NET"]
[SourceTitle "EXT 2023"]
[Source "ChessBase"]
[SourceDate "2022.10.05"]
[SourceVersion "1"]
[SourceVersionDate "2022.10.05"]
[SourceQuality "1"]
[WhiteTeam "Czech Republic"]
[BlackTeam "Israel"]
[WhiteTeamCountry "CZE"]
[BlackTeamCountry "ISR"]

1. e4 c5 2. Nf3 e6 3. d4 cxd4 4. Nxd4 Nf6 5. Nc3 Nc6 6. Nxc6 bxc6 7. Bd3 Qc7 8. 0-0 d5 9. Qe2 Be7 10. b3 0-0 11. Bb2 d4 12. Nb1 e5 13. h3 Bb7 14. Nd2 c5 15. Nc4 Bd6 16. Rae1 a5 17. a4 Rab8 18. f4 Rfe8 19. f5 Ba6 20. Nxd6 Bxd3 21. Nxe8 Bxe2 22. Nxc7 Bxf1 23. Kxf1 c4 24. Nb5 cxb3 25. cxb3 Rc8 26. Ba3 d3 27. Rd1 Nxe4 28. Rxd3 h6 29. Nd6 Rd8 30. Ke2 Nxd6 31. Rxd6 Rb8 32. Rd3 f6 33. Bd6 Re8 34. Bc7 Ra8 35. Rd8+ Rxd8 36. Bxd8 1-0